Biblioteca

Cuentos orientales (Registro nro. 70105)

Detalles MARC
000 -LÍDER
Campo fijo de descripción fija 01172nam a22002897i 4500
001 - NÚMERO DE CONTROL
Campo de control BINCO
003 - IDENTIFICADOR DEL NÚMERO DE CONTROL
Campo de control CO-MdBIC
005 - FECHA Y HORA DE LA ULTIMA TRANSACCIÓN
control field 20240609181659.0
008 - ELEMENTOS DE LONGITUD FIJA -- INFORMACIÓN GENERAL
Campo fijo de descripción fija -- Información general 240609t1985 sp |||| |||| 00| 0 spa d
020 ## - NÚMERO INTERNACIONAL NORMALIZADO PARA LIBROS
Número Internacional Normalizado del libro 8420422134
040 ## - FUENTE DE CATALOGACIÓN
Idioma de catalogación spa.
Agencia que realiza la transcripción CO-MdBIC
041 ## - CÓDIGO DE IDIOMA
Código de idioma para texto/pista de sonido o título separado spa
082 ## - NÚMERO DE CLASIFICACIÓN DECIMAL DEWEY
Número de la edición del Dewey 23
Número de clasificación 843.9
Clave de autor-Numero de item Y81
100 ## - ASIENTO PRINCIPAL--NOMBRE PERSONAL
Nombre personal Yourcenar, Marguerite,
245 ## - TÍTULO
Título del Material Cuentos orientales
Mención de responsabilidad, etc. / Marguerite Yourcenar ; traducción de Emma Calatayud
246 ## - FORMA VARIANTE DEL TITULO
Título propiamente dicho/forma breve del título Nouvelles orientales
250 ## - MENCIÓN DE EDICIÓN
Mención de edición quinta edición
260 ## - PUBLICACIÓN, DISTRIBUCIÓN, ETC. (PIE DE IMPRENTA)
Fecha de publicación, distribución, etc. 1985
264 ## - PRODUCCIÓN, PUBLICACIÓN, DISTRIBUCIÓN, MANUFACTURA, Y COPYRIGHT
Lugar de producción, publicación, distribución, manufactura España :
Nombre del productor, publicador, distribuidor Alfaguara ,
Fecha de producción, publicación, distribución, manufactura, o copyright [1985]
264 ## - PRODUCCIÓN, PUBLICACIÓN, DISTRIBUCIÓN, MANUFACTURA, Y COPYRIGHT
Fecha de producción, publicación, distribución, manufactura, o copyright ©1985
300 ## - DESCRIPCIÓN FÍSICA
Extensión 165 páginas :
Dimensiones 19 cm.
501 ## - NOTA DE “CON”
Nota de Contenido En los Cuentos orientales que hoy presentamos aquí, escritos en los diez años que precedieron a la guerra mundial y recopilados por primera vez en 1938, la atracción por el Oriente se revela de una manera clara y determinante. De China a Grecia, de los Balcanes al Japón, estos cuentos acompañan al viajero como otras tantas claves de una música especialísima, procedente de un mundo distinto.
650 #7 - ASIENTO SECUNDARIO DE MATERIA - TERMINO TEMÁTICO
Término temático o nombre geográfico como elemento de entrada Literatura francesa
9 (RLIN) 2654
690 ## - CAMPO LOCAL DE ACCESO TEMÁTICO
Término temático o nombre geográfico como elemento de entrada Novela francesa
700 ## - ASIENTO SECUNDARIO - NOMBRE PERSONAL
Nombre personal Calatayud, Emma,
Responsabilidad traductora
942 ## - TIPO DE MATERIAL (KOHA)
Tipo de Item KOHA Z- Libro General BINCO
Existencias
Estado de Material Estado de Perdido Forma de Clasificación Estado de Dañado No para Préstamo Colección Biblioteca de Origen Biblioteca Permanente Fecha de Adquisición Total de Préstamos Signatura Topográfica Código de Barras Última vez visto Fecha de Remplazo Tipo de Material
    Dewey Decimal Classification     Colección Junior Biblioteca Infantil Comunitaria BINCO Biblioteca Infantil Comunitaria BINCO 08/06/2024   843.9 Y81 B00010 08/06/2024 08/06/2024 Z- Libro General BINCO

Biblioteca FUSBC | Teléfono: (57+4) 349 88 10 Ext. 141| WhatsApp (+57) 3005338115 
E-mail: biblioteca@unisbc.edu.co | Calle 76 87-14 Robledo Palenque, Medellín, Colombia

Con tecnología Koha